Reproducció de films de 16 mm a DVD
Descripción Física:
2 discs òptics (DVD) : b/n, col., so
Materias:
DVD
MARC
| LEADER | 00000ngm a2200000Ia 4500 | ||
|---|---|---|---|
| 001 | 23111, 23112 | ||
| 007 | co aa aaaaa | ||
| 008 | 160829s2011 xx 000 0 cat d | ||
| 080 | |a CD-1-182 (G080026), CD-1-183 (G080025) | ||
| 100 | |a Televisió de Catalunya. Departament de Documentació |9 39251 | ||
| 245 | |a Reproducció de films de 16 mm a DVD |h [Enregistrament de vídeo] / |c realitzat pel Departament de Documentació de Televisió de Catalunya | ||
| 260 | |a Barcelona : |b Televisió de Catalunya, |c 2011 | ||
| 300 | |a 2 discs òptics (DVD) : |b b/n, col., so | ||
| 500 | |a Títol facilitat pel catalogador | ||
| 590 | |a El contingut detallat de les pel·lícules es troba a la base de dades M:\ArxiuH\Audiovis (cercar per topogràfic) | ||
| 655 | 0 | |9 54986 |a DVD | |
| 901 | |a Arxiu | ||
| 942 | |n 1 |2 udc | ||
| 952 | |0 0 |1 0 |4 0 |6 CD1182_G080026_CD1183_G080025 |7 1 |9 51774 |a Arxiu |b Arxiu |d 2016-12-01 |l 0 |o CD-1-182 (G080026), CD-1-183 (G080025) |p 23111, 23112 |r 2016-12-01 00:00:00 |w 2016-12-01 |y ARXIU | ||
| 999 | |c 55620 |d 55620 | ||